[Event "URU-ch Final 2018"]
[Site "Montevideo"]
[Date "2018.04.12"]
[Round "6"]
[White "Rodi, Luis Ernesto"]
[Black "Rodriguez Vila, Andres"]
[Result "1-0"]
[WhiteElo "2314"]
[BlackElo "2473"]
[Annotator "TA"]
[PlyCount "121"]
[EventDate "2018.??.??"]
[EventType "tourn"]
[EventCountry "URU"]
[SourceTitle "playchess.com"]
[Source "ChessBase"]
[SourceQuality "1"]

{[%evp 24,121,45,44,68,49,58,50,60,52,143,66,106,81,116,116,122,118,118,112,122,122,121,113,175,130,136,127,134,131,157,73,83,79,74,74,87,72,81,83,95,92,105,105,105,95,152,133,152,117,231,231,260,255,265,265,265,265,351,340,470,197,197,197,197,197,197,197,197,182,29961,29965,29959,12796,29965,5093,29962,5180,29978,29979,29980,29980,29977,29980,29984,29985,29985,29985,29985,29986,29988,29989,29989,29989,29989,29990,29991,29988,29988,29984]} 1. e4 e6 2. d4 d5 3. Nd2 c5 4. exd5 exd5 5. Ngf3 Nc6 6. Bb5 Bd6 7. dxc5 Bxc5 8. O-O Nge7 9. Nb3 Bd6 10. Re1 O-O 11. Bd3 Nf5 12. c3 Bc7 13. Bc2 {LiveBook: 10 Games. C09: French Tarrasch: 3...c5 4 exd5 exd5 5 Ngf3 Nc6} (13. h3 Qd6 14. Nbd4 Nfxd4 15. cxd4 h6 16. Be3 Re8 17. Bf4 {1-0 (17) Tkachiev,V (2664)-Ponomariov,R (2718) Moscow 2008}) 13... Qd6 14. Qd3 g6 {...Nh4! is the strong threat.} 15. g3 $1 {White is slightly better.} Bb6 {White should prevent ...Nxg3!} 16. Bf4 Qf6 $146 ({Better is} 16... Qd8 $14) ({Predecessor:} 16... Qd8 17. Rad1 Be6 18. Ne5 Rc8 19. Qf3 Ncd4 20. Nxd4 Nxd4 21. cxd4 Rxc2 {1-0 (39) Strikovic,A (2518)-Arsovic,Z (2444) Vrnjacka Banja 1999}) 17. Bg5 (17. Qxd5 $16 Rd8 18. Qb5) 17... Qg7 18. Qd2 $36 {[%mdl 2048] White is really pushing.} d4 19. Bxf5 dxc3 20. bxc3 Bxf5 21. Bh6 Qf6 22. Bxf8 Rxf8 23. Nbd4 Rd8 (23... Bh3 $16 {was necessary.}) 24. Qf4 Bxd4 25. Nxd4 Nxd4 26. cxd4 Rxd4 27. Re8+ (27. Qb8+ $142 Kg7 28. Qxb7 (28. Qxa7 Be4 $16)) 27... Kg7 $16 28. Qe5 Qxe5 29. Rxe5 {[%mdl 4096] Endgame KRR-KRB} Bd7 30. Re3 a5 31. a3 Bc6 32. h4 f5 33. Re7+ Kh6 34. Kf1 Ra4 (34... Rd3 $142) 35. Ke2 f4 36. Kd2 f3 (36... fxg3 $16 37. fxg3 Rg4) 37. Rf7 Rd4+ 38. Kc3 Ra4 39. Rf4 Rxf4 40. gxf4 $18 {KR-KB} Kh5 41. Kd4 Kxh4 42. Rg1 (42. Rh1+ $142 Kg4 43. Ke5 (43. Rxh7 Kxf4 44. Rh8 g5 $14)) 42... Kh3 {[#]} 43. Ke3 $1 Kh2 44. Rg5 a4 45. f5 gxf5 46. Rxf5 Kg1 $2 {[#]} (46... Kh3 $18) 47. Rh5 Kf1 48. Rxh7 Bd5 49. Rh5 (49. Rd7 $142 Bc6 50. Rg7 Bd5 51. Rg4 Bb3 52. Rg5 Bd1 53. Rb5 Kg2 54. Rxb7) 49... Bb3 50. Rb5 Ke1 51. Rxb7 {White mates.} Kd1 52. Rc7 Bc2 53. Kxf3 Kc1 54. Ke3 Kb2 55. Kd2 Bb3 56. f4 {[%cal Bf2f4,Bf4f5][%mdl 32]} Kxa3 57. Kc3 Be6 58. Rc5 Ka2 59. f5 Bg8 60. Kb4 Bb3 61. Ra5 {Precision: White = 69%, Black = 27%.} 1-0

[Event "URU-ch Final 2018"]
[Site "Montevideo"]
[Date "2018.04.12"]
[Round "6"]
[White "Larrea, Manuel"]
[Black "Granara Barreto, Sebastian"]
[Result "1/2-1/2"]
[WhiteElo "2289"]
[BlackElo "2164"]
[Annotator "TA"]
[PlyCount "110"]
[EventDate "2018.??.??"]
[EventType "tourn"]
[EventCountry "URU"]
[SourceTitle "playchess.com"]
[Source "ChessBase"]
[SourceQuality "1"]

{[%evp 26,110,27,18,27,26,37,15,10,19,33,29,45,33,35,35,45,0,0,0,0,-37,0,0,0,0,32,25,50,50,62,50,62,50,56,41,62,41,41,41,41,41,41,41,41,41,41,41,41,35,43,26,42,39,39,46,60,14,16,0,0,0,0,0,0,0,0,0,0,0,0,0,0,0,0,0,0,0,0,0,0,0,0,0,0,0,0]} 1. e4 c5 2. Nf3 d6 3. d4 cxd4 4. Nxd4 Nf6 5. Nc3 g6 6. Be3 Bg7 7. f3 O-O 8. Qd2 Nc6 9. Bc4 Bd7 10. Bb3 Nxd4 11. Bxd4 Qa5 12. h4 Be6 13. Bxe6 fxe6 14. O-O-O Rac8 {B77: Sicilian Dragon: Yugoslav Attack, 9 Bc4 sidelines} (14... Nh5 15. Bxg7 Kxg7 16. e5 Qxe5 17. Rde1 Qf6 18. Ne4 Qf4 19. Ng5 Qxd2+ 20. Kxd2 Nf4 21. g3 h6 22. Nxe6+ Nxe6 23. Rxe6 {1-0 (49) Yu,Y (2747)-Edouard,R (2617) Gibraltar 2016}) 15. Kb1 Rf7 $146 ({Find the theoretical novelty and annotate with similar games:} 15... Rc4 16. Ne2 Qxd2 17. Rxd2 Nd7 18. b3 Rcc8 19. h5 Bxd4 20. Nxd4 e5 21. Ne2 Kg7 22. Kb2 {1-0 (44) Roganovic,M (2524)-Marcetic,N (2314) Belgrade 2014}) 16. Ne2 Qxd2 17. Rxd2 a6 18. a4 Bh6 19. Rd3 e5 20. Bc3 Nh5 21. g4 Nf4 22. Nxf4 Bxf4 23. Rh3 Rc4 24. b3 $36 {[%mdl 2048] White is more active.} Rc6 25. a5 h6 26. Be1 Rf8 27. Bf2 Kf7 28. Kb2 Ke6 29. Rh1 Rfc8 30. c4 Kf7 31. Ra1 Ke6 32. Ra4 Kf7 33. Rb4 R8c7 34. Kc2 Ke6 35. Rc3 Kf7 36. Kd3 Ke6 37. Rc2 Kf7 38. Ra4 Ke6 39. Raa2 Kd7 40. b4 e6 41. Rab2 (41. h5 {NOTEXT} gxh5 42. gxh5 d5 43. c5 Kc8 44. Bh4) 41... d5 {[%cal Rc6c4] The position is equal.} 42. cxd5 (42. Bc5 {NOTEXT} dxc4+ 43. Kxc4 Rd6 44. Rc3 Rd4+ 45. Kb3) 42... Rxc2 {[%csl Gc2][%cal Rc7c3] [#]} 43. dxe6+ Kxe6 {[%csl Gc2][%cal Rc7c3]} 44. Rxc2 Rxc2 45. Kxc2 $11 {[%mdl 4096] Endgame KB-KB} h5 46. Kd3 Kd6 47. Be3 Bg3 48. Bg5 Be1 49. Kc4 Kc6 50. Bd8 Bg3 51. Bf6 Bf4 52. Kd3 Kd6 53. gxh5 gxh5 54. Kc4 Kc6 55. Bd8 Bg3 {Precision: White = 61%, Black = 64%.} 1/2-1/2

[Event "URU-ch Final 2018"]
[Site "Montevideo"]
[Date "2018.04.12"]
[Round "6"]
[White "Carbone, Diego"]
[Black "Roselli Mailhe, Bernardo"]
[Result "1/2-1/2"]
[WhiteElo "2219"]
[BlackElo "2433"]
[Annotator "TA"]
[PlyCount "64"]
[EventDate "2018.??.??"]
[EventType "tourn"]
[EventCountry "URU"]
[SourceTitle "playchess.com"]
[Source "ChessBase"]
[SourceQuality "1"]

{[%evp 19,64,24,30,10,9,0,0,-12,23,37,24,0,26,8,2,0,45,45,41,41,34,43,49,20,13,3,72,76,100,73,100,65,65,50,68,64,61,58,90,110,142,107,140,126,179,170,173]} 1. Nf3 Nf6 2. c4 Nc6 3. d4 e6 4. g3 Bb4+ 5. Bd2 Qe7 6. Nc3 O-O 7. Bg2 d6 8. O-O a5 9. d5 {E11: Bogo-Indian} (9. Rc1 Bxc3 10. Bxc3 e5 11. d5 Nb8 12. c5 Nbd7 13. cxd6 cxd6 14. Nd2 b5 15. b3 Nb6 16. e4 b4 17. Bb2 Ba6 18. Re1 {½-½ (32) Riazantsev,A (2671)-Bologan,V (2640) Doha 2016}) 9... Nb8 10. dxe6 fxe6 {LiveBook: 3 Games} 11. Nd4 {White has an edge.} Nbd7 12. Qc2 $146 ({Find the theoretical novelty and annotate with similar games:} 12. b3 Nc5 13. Nc2 Bxc3 14. Bxc3 c6 15. Ne3 e5 {1-0 (42) Oliva Castaneda,K (2493)-Diaz Camallonga,C (2339) Barbera del Valles 2016}) 12... Nb6 13. Bg5 h6 14. Bxf6 Qxf6 15. Rad1 e5 16. Ne4 Qf7 17. Nb5 Be6 18. a3 $36 {[%mdl 2048] Black is under pressure.} Bc5 $1 19. Nxc5 dxc5 20. Bxb7 Rab8 21. Bd5 Nxd5 22. cxd5 Bxd5 (22... Bh3 $11 {remains equal.} 23. Qxc5 Qf5) 23. Qxc5 $16 Bc4 24. Nc3 Rxb2 25. Qxe5 a4 26. Rd4 Re8 27. Qf4 (27. Qa5 {NOTEXT} Rc2 28. Rf4 Qe6 29. Qb4 Ba6 30. Re4) 27... Qxf4 28. Rxf4 Bb3 29. Rc1 Ra8 30. h4 c5 31. f3 Rd8 (31... Bf7 $16 {was necessary.}) 32. Kf2 ({Stronger than} 32. Nxa4 Bxa4 33. Rxa4 Rxe2 $11) 32... c4 {Precision: White = 51%, Black = 43%.} 1/2-1/2

[Event "URU-ch Final 2018"]
[Site "Montevideo"]
[Date "2018.04.12"]
[Round "6"]
[White "Caitano, Martin Joel"]
[Black "Dominguez, Facundo"]
[Result "1/2-1/2"]
[WhiteElo "2115"]
[BlackElo "2143"]
[Annotator "TA"]
[PlyCount "47"]
[EventDate "2018.??.??"]
[EventType "tourn"]
[EventCountry "URU"]
[SourceTitle "playchess.com"]
[Source "ChessBase"]
[SourceQuality "1"]

{[%evp 12,47,24,11,57,43,98,58,64,64,81,47,47,45,45,52,44,41,77,71,146,137,137,126,122,104,247,236,212,221,220,206,189,229,287,293,273,296]} 1. d4 Nf6 2. c4 e6 3. Nf3 Bb4+ 4. Bd2 Bxd2+ 5. Qxd2 O-O 6. Nc3 d5 7. e3 {LiveBook: 488 Games} Ne4 {E11: Bogo-Indian} (7... Qe7 8. Rc1 b6 9. cxd5 exd5 10. Bd3 Bb7 11. O-O c5 12. Rfe1 Nbd7 13. dxc5 bxc5 14. Na4 Rfc8 15. Bf5 g6 16. Bxd7 Nxd7 {½-½ (31) Cori Tello,J (2660)-Delgado Ramirez,N (2602) Lima 2018}) 8. Qc2 f5 ({Black should play} 8... Nf6 $14) 9. Be2 c6 {White is slightly better.} 10. O-O $146 ({Predecessor:} 10. cxd5 exd5 11. O-O Qe7 12. Bd3 Nd7 13. Ne2 Ndf6 14. h3 Nd6 15. Nf4 Nfe4 16. Ne5 Nf7 17. Nxc6 Qd6 18. Na5 Nd8 19. Nxd5 Be6 20. Nf4 Rc8 {½-½ (59) Shevchenko,O (2022)-Kabanova,I Protvino 2001}) 10... Bd7 11. b4 {[%cal Bb2b4,Bb4b5][%mdl 32]} Be8 12. a4 {[%cal Ba2a4,Ba4a5][%mdl 32]} Nd7 13. a5 a6 14. Nd2 Qh4 15. b5 Rf6 (15... cxb5 $142 16. Ncxe4 (16. cxb5 Bh5 $14) (16. cxd5 exd5 17. Nxd5 Bf7 $11) 16... fxe4) 16. Nf3 $16 Qh6 17. bxc6 bxc6 18. Rab1 g5 (18... Bh5 $16) 19. Ne5 $18 Nxe5 20. dxe5 Rg6 21. f3 Nxc3 22. Qxc3 Qf8 23. cxd5 exd5 24. Rb6 {[%mdl 32768] Precision: White = 79%, Black = 39%. . An unexpected result.} 1/2-1/2

[Event "URU-ch Final 2018"]
[Site "Montevideo"]
[Date "2018.04.13"]
[Round "7"]
[White "Rodriguez Vila, Andres"]
[Black "Larrea, Manuel"]
[Result "1-0"]
[WhiteElo "2473"]
[BlackElo "2289"]
[Annotator "TA"]
[PlyCount "79"]
[EventDate "2018.??.??"]
[EventType "tourn"]
[EventCountry "URU"]
[SourceTitle "playchess.com"]
[Source "ChessBase"]
[SourceQuality "1"]

{[%evp 13,79,29,68,27,0,20,87,81,89,0,0,0,0,0,67,67,60,75,71,64,99,112,154,144,196,205,198,202,249,262,275,154,153,152,153,127,302,306,312,312,316,133,187,189,197,190,318,326,344,326,371,368,354,362,479,467,468,466,627,621,635,627,805,790,777,764,1088,1072]} 1. d4 Nf6 2. Nc3 c5 3. d5 g6 4. e4 d6 5. Be2 Bg7 6. Nf3 O-O 7. O-O b6 {LiveBook: 9 Games} 8. e5 $146 {A43: Schmid Benoni} ({Predecessor:} 8. h3 Nfd7 9. Bf4 Na6 10. Qd2 Nc7 11. Bh6 Rb8 12. Bxg7 Kxg7 13. a4 a6 14. Rab1 b5 15. axb5 axb5 {½-½ (39) Rivera,A (2331)-Valle,E (2124) Bogota 2016}) 8... dxe5 9. Nxe5 Ne4 (9... Ba6 $11 {keeps the balance.}) 10. Nxe4 $16 {[#] Bf4 is the strong threat.White is better.} Bxe5 11. d6 ({Better is} 11. Re1 $16) 11... Bb7 $11 12. Bf3 Nc6 13. Bh6 $36 {[%mdl 2048] White is more active.} exd6 (13... Bg7 $11 14. Bg5 (14. Bxg7 Kxg7 15. Qd5 e6 $15) 14... f6) 14. Bxf8 $14 Kxf8 15. Nc3 Rc8 16. Re1 Qh4 17. g3 Qb4 18. Rb1 {[#] Hoping for Rxe5!} Ba8 (18... Bxc3 $16 19. a3 (19. bxc3 Qxc3 20. Qxd6+ Kg7 $16) (19. Qxd6+ Kg7 $16) 19... Qd4 20. bxc3 Qf6) 19. a3 $18 Qd4 20. Qe2 c4 21. Ne4 b5 22. c3 ({White must play} 22. Rbd1 $18 Qb6 23. Nxd6) 22... Qb6 $16 23. Rbd1 Rd8 24. Bg2 a5 $2 (24... Kg7 $16 25. Ng5 h6) 25. Qe3 $18 Qxe3 26. Rxe3 Ne7 27. f4 (27. Ng5 $18 {is more deadly.} Rc8 28. f4) 27... Nf5 (27... Bxe4 $16 28. Rxe4 (28. Bxe4 Bg7 $16) 28... Bf6) 28. Re2 Bg7 29. g4 Nh4 (29... Bxe4 $142 30. Bxe4 Ne7) 30. Rxd6 Re8 31. Bh1 b4 32. axb4 axb4 33. cxb4 Bxb2 34. Rxb2 {White is clearly winning.} Bxe4 35. Re2 f5 36. Rd4 c3 37. Bxe4 c2 38. Rxc2 fxe4 39. Kf2 e3+ 40. Ke2 {Precision: White = 72%, Black = 25%.} 1-0

[Event "URU-ch Final 2018"]
[Site "Montevideo"]
[Date "2018.04.13"]
[Round "7"]
[White "Roselli Mailhe, Bernardo"]
[Black "Lopez Azambuja, Nicolas"]
[Result "1-0"]
[WhiteElo "2433"]
[BlackElo "2314"]
[Annotator "TA"]
[PlyCount "69"]
[EventDate "2018.??.??"]
[EventType "tourn"]
[EventCountry "URU"]
[SourceTitle "playchess.com"]
[Source "ChessBase"]
[SourceQuality "1"]

{[%evp 19,69,0,0,0,25,29,25,25,33,16,16,14,19,11,12,7,9,5,13,2,6,4,17,9,17,12,25,33,33,36,35,50,41,39,54,53,44,43,45,26,42,37,52,14,57,54,727,726,714,690,616,572]} 1. d4 Nf6 2. c4 e6 3. Nf3 d5 4. Nc3 Bb4 5. Bg5 h6 6. Bxf6 Qxf6 7. e3 O-O 8. Rc1 dxc4 9. Bxc4 c5 {D38: Queen's Gambit Declined: Ragozin Defence (4 Nf3 Bb4)} 10. a3 (10. O-O cxd4 11. Ne4 Qe7 12. a3 Ba5 13. exd4 Rd8 14. Qe2 Nc6 15. Rfd1 Bb6 16. Ng3 Bxd4 17. Nf5 exf5 18. Qxe7 Nxe7 19. Nxd4 {½-½ (32) Bu,X (2725)-Vidit,S (2707) Liaocheng 2018}) 10... Bxc3+ {LiveBook: 4 Games} 11. Rxc3 cxd4 {The position is equal.} 12. Qxd4 Qxd4 $146 ({Find the theoretical novelty and annotate with similar games:} 12... Nc6 13. Qxf6 gxf6 14. Ke2 Bd7 15. Rhc1 Rfd8 16. Ke1 Rac8 17. Be2 {0-1 (52) Zhao,X (2552)-Krush,I (2491) Khanty-Mansiysk 2014}) 13. Nxd4 Bd7 14. Ke2 Nc6 15. Nf3 Rac8 16. Bd3 Ne7 17. Rhc1 Rxc3 18. Rxc3 {[#] aiming for Rc7.} Rc8 19. Kd2 Rxc3 20. Kxc3 $11 {[%mdl 4096] Endgame KBN-KBN} Bc6 21. e4 {[%cal Be3e4,Be4e5][%mdl 32]} Kf8 22. b4 Nc8 23. Nd4 Bd7 24. e5 Ne7 25. Be4 b6 26. Kc4 Bc8 27. f4 Ba6+ 28. b5 Bc8 29. g3 {[%cal Bg2g3,Bg3g4,Bg4g5][%mdl 32]} Ke8 30. g4 g6 31. h4 Kd8 32. h5 Kc7 $2 {[%mdl 8192] [#]} (32... gxh5 $14 33. gxh5 Kc7) 33. g5 $18 {White is clearly winning.} Ng8 34. hxg6 fxg6 35. Bxg6 {Precision: White = 59%, Black = 48%.} 1-0

[Event "URU-ch Final 2018"]
[Site "Montevideo"]
[Date "2018.04.13"]
[Round "7"]
[White "Kimelman, Gabriel"]
[Black "Caitano, Martin Joel"]
[Result "1-0"]
[WhiteElo "2255"]
[BlackElo "2115"]
[Annotator "TA"]
[PlyCount "69"]
[EventDate "2018.??.??"]
[EventType "tourn"]
[EventCountry "URU"]
[SourceTitle "playchess.com"]
[Source "ChessBase"]
[SourceQuality "1"]

{[%evp 15,69,39,41,19,11,-38,-48,-39,-34,-89,-61,-72,-75,-55,-72,-86,-106,-214,-167,-156,-148,-151,-106,-389,-390,-366,-358,-295,-94,-102,-93,-86,-12,-47,0,0,0,-112,-104,-109,-67,-97,-61,-175,-44,-48,-47,-53,402,396,1023,1023,997,979,29987,29988]} 1. c4 g6 2. g3 Bg7 3. Bg2 d6 4. Nc3 Nc6 5. e3 e5 6. Nge2 f5 7. d4 e4 8. O-O {A25: English Opening vs King's Indian with ...Nc6 but without early d3} (8. b4 Nf6 9. Qb3 Ne7 10. a4 Be6 11. Ba3 Qd7 12. b5 g5 13. f3 exf3 14. Bxf3 Rb8 15. h4 g4 {1-0 (44) Lopez Martinez,J (2597)-Kharchenko,B (2468) Minsk 2017}) 8... Nf6 {LiveBook: 3 Games} 9. b4 O-O 10. b5 {The position is equal.} Na5 11. Qa4 b6 12. Bd2 $146 ({White should play} 12. f3 $15) ({Find the theoretical novelty and annotate with similar games:} 12. f3 Be6 13. fxe4 Nxe4 14. Nxe4 fxe4 15. Rxf8+ Qxf8 16. Nf4 Bxc4 17. Bd2 a6 18. bxa6 Rxa6 19. Bxa5 Bf7 {½-½ (19) Hartoch,R-Smyslov,V Wijk aan Zee 1972}) 12... Be6 13. d5 Bd7 14. Nd4 a6 15. Qb4 Ng4 16. Nd1 (16. Nce2 $17) 16... Ne5 17. Nb2 Qf6 18. bxa6 g5 19. f3 $2 {[%mdl 8192] [#]} (19. Nb5 $17) 19... exf3 $19 20. Bxf3 Nxf3+ ({Not} 20... Rxa6 21. Be4 $17) 21. Rxf3 Rxa6 $2 (21... c5 $19 22. Qxb6 cxd4 23. Bxa5 dxe3 24. Qxe3 f4) 22. Bc3 $17 {With the idea Nxf5.} Qe7 23. Raf1 Qe4 (23... Nb7 $17 {White must now prevent ...g4.} 24. Nd1 Rxa2) 24. Nd1 (24. Nb5 $5 {[%cal Rc3g7]} Bxc3 25. Nxc3 $11) 24... Nb7 25. Qb2 Nc5 26. Nf2 (26. Nxf5 $1 $11 Na4 27. Bxg7 Nxb2 28. Bxf8 Bxf5 29. Rxf5) 26... Qe7 27. Qc2 Ra3 (27... Raa8 {NOTEXT} 28. Ba1 Be5 29. Rxf5 Rxf5 30. Nxf5 Bxf5 31. Qxf5 Bxa1 32. Rxa1 Rf8) 28. Ba1 {[%cal Rf3f5]} Rxe3 29. Nxf5 (29. Rxf5 $1 $15 Re8 30. Qd2) 29... Bxf5 (29... Rxf5 $19 30. Rxf5 Bxf5 31. Qxf5 Bxa1 32. Rxa1 h5) 30. Rxf5 $15 Bxa1 31. Rxa1 Re8 $2 {[%mdl 8192] [#]} (31... Rxf5 $15 {stays ahead.} 32. Qxf5 h5) 32. Ng4 $1 $18 {aiming for Raf1.} Re1+ $2 (32... Re2 33. Qc3 Re1+ 34. Rf1 Re5 35. Nf6+ Kg7 36. Nxe8+ Qxe8) 33. Rxe1 Qxe1+ 34. Rf1 Qe2 35. Nf6+ {Precision: White = 36%, Black = 29%.} 1-0

[Event "URU-ch Final 2018"]
[Site "Montevideo"]
[Date "2018.04.13"]
[Round "7"]
[White "Granara Barreto, Sebastian"]
[Black "Carbone, Diego"]
[Result "0-1"]
[WhiteElo "2164"]
[BlackElo "2219"]
[Annotator "TA"]
[PlyCount "96"]
[EventDate "2018.??.??"]
[EventType "tourn"]
[EventCountry "URU"]
[SourceTitle "playchess.com"]
[Source "ChessBase"]
[SourceQuality "1"]

{[%evp 21,96,-61,-74,-56,-52,-49,-54,-74,0,0,0,0,31,28,0,0,31,20,56,58,56,56,105,-113,-99,-118,-75,-68,-51,-86,-61,-123,-122,-120,-108,-111,-92,-103,-93,-187,-177,-172,-172,-305,-304,-541,-410,-375,-373,-389,-383,-428,-427,-417,-411,-518,-487,-441,-424,-788,-780,-777,-775,-751,-739,-1153,-1132,-1452,-1292,-1275,-1187,-6248,-6183,-29979,-29980,-29980,-29981]} 1. e4 c5 2. Nf3 e6 3. d4 cxd4 4. Nxd4 Nc6 {[%cal Bb8c6,Bc6e5,Be5g4,Bg4e3][%mdl 32]} 5. Nc3 Qc7 6. Be3 a6 7. Qf3 {B48: Sicilian: Taimanov: 5 Nc3 Qc7 6 Be3 a6 without Be2} Ne5 8. Qg3 b5 {[%cal Bb7b5,Bb5b4][%mdl 32]} 9. O-O-O Nf6 10. f4 (10. a3 Bb7 11. Bxb5 Rc8 12. Ba4 Nxe4 13. Nxe4 Bxe4 14. Bf4 Qc4 15. Bxe5 Qxa4 {1-0 (38) Vachier Lagrave,M (2789)-Anand,V (2776) Karlsruhe/Baden-Baden 2018}) 10... Neg4 11. e5 Nxe3 {LiveBook: 11 Games} 12. Qxe3 b4 $1 13. Ncb5 axb5 14. Nxb5 Qb8 $146 ({Black should play} 14... Qc6 $1 $17 15. exf6 gxf6) ({Predecessor:} 14... Qc6 15. exf6 gxf6 {½-½ (43) Kacharava,N (2302)-Quparadze,G (2499) Tbilisi 2018}) 15. exf6 $11 gxf6 16. Kb1 Ra5 17. c4 Be7 18. Bd3 d5 19. Nd4 Qa7 {...Bc5 is the strong threat.} 20. cxd5 Rxd5 {Hoping for ...Bc5.} 21. Bc4 Bb7 {[#]} 22. Nc2 $2 (22. Rhe1 $1 $16 {stays on course.}) 22... Qxe3 $17 23. Nxe3 Rc5 24. Bd3 O-O 25. Rhg1 Rfc8 26. Bc2 ({Better is} 26. f5 $15) 26... R5c7 {Strongly threatening ...Bc5.} 27. Rge1 Bc5 {White must now prevent ...Bxe3.} 28. Bd3 Kf8 29. g3 f5 30. Rc1 (30. Nc4 $17) 30... Rd7 $19 31. Bc2 Rd2 32. Nc4 (32. Nf1 $142 Rdd8 33. Ne3) 32... Rxh2 33. Ne5 $2 (33. Red1) 33... Bd4 34. Nd3 Rb8 35. Ne5 {Threatens to win with Nd7+.} Kg7 36. Rcd1 Rc8 {aiming for ...Bxe5.} 37. Rxd4 Rhxc2 (37... Rcxc2 $2 38. Rxb4 Be4 39. Ka1 $19) 38. Nd3 Rd2 39. Rc1 Rb8 40. Rc2 (40. Ka1 $142 b3 41. Rcc4) 40... Rd1+ 41. Rc1 {[#]} Rxd3 $1 {[%mdl 512]} 42. Rxd3 {[%mdl 4096] Endgame KRR-KRB} Be4 43. Rcd1 Rc8 44. R1d2 Kg6 45. Rd1 Kh5 46. R1d2 Kg4 47. a4 b3 48. a5 Rd8 {Precision: White = 35%, Black = 80%.} 0-1

[Event "URU-ch Final 2018"]
[Site "Montevideo"]
[Date "2018.04.13"]
[Round "7"]
[White "Dominguez, Facundo"]
[Black "Rodi, Luis Ernesto"]
[Result "1/2-1/2"]
[WhiteElo "2143"]
[BlackElo "2314"]
[Annotator "TA"]
[PlyCount "151"]
[EventDate "2018.??.??"]
[EventType "tourn"]
[EventCountry "URU"]
[SourceTitle "playchess.com"]
[Source "ChessBase"]
[SourceQuality "1"]

{[%evp 17,151,-7,0,-35,-30,-22,-25,-12,-26,-20,-33,-124,0,0,17,0,10,0,8,4,49,65,122,93,104,92,136,0,0,0,0,-30,-8,-20,0,-55,-50,-37,-47,-50,-39,-65,-70,-78,-29,-29,-27,-44,-46,-46,0,0,0,-42,-16,-26,0,0,0,-16,-14,-95,-82,-85,-68,-105,-93,-118,-109,-120,-118,-112,0,-99,0,-282,-278,-278,-265,-248,-153,-160,-162,-161,-161,-150,-163,-280,-162,-179,-187,-196,-147,-151,-8,-55,0,0,0,0,0,0,0,0,0,-125,-125,-125,-70,-904,-296,-823,-941,-841,-8,-8,0,0,0,0,0,0,0,0,0,0,0,0,0,0,0,0,0,0,0,0]} 1. e4 e5 2. Nf3 Nc6 3. d4 exd4 4. Nxd4 Nf6 5. Nxc6 bxc6 6. e5 Qe7 7. Qe2 Nd5 8. c4 Nb6 9. b3 Qe6 {LiveBook: 43 Games} 10. f4 {C45: Scotch Game} (10. Bb2 Bb4+ 11. Nd2 O-O 12. O-O-O Qe7 13. Ne4 Re8 14. Nf6+ gxf6 15. Qg4+ Kh8 16. exf6 Qf8 17. Qh4 d5 18. Bd3 Qg8 19. c5 Bxc5 {0-1 (34) Ivanchuk,V (2753)-Almasi,Z (2693) Havana 2014}) 10... Bb4+ $146 ({Find the theoretical novelty and annotate with similar games:} 10... Bb7 11. Qc2 f6 12. Bd3 Bc5 13. Bb2 fxe5 14. Bf5 Qe7 15. fxe5 O-O-O 16. Nd2 g6 17. Be4 Rhf8 {1-0 (28) Stamatovic,V (1900)-Zivkovic,S (1724) Cetinje 2012}) 11. Bd2 a5 12. g3 {Black has an edge.} O-O 13. Bg2 Bc5 14. Bc3 (14. Be3 $15 Bxe3 15. Qxe3) 14... Qe7 (14... d5 $17 15. Nd2 Qg6) 15. Nd2 $36 {[%mdl 2048] White has the initiative.} a4 16. Ne4 axb3 17. axb3 Rxa1+ 18. Bxa1 Bb4+ 19. Kf2 Qe6 (19... Re8 $14) 20. Rd1 d5 21. exd6 $1 cxd6 {[%cal Bc7d6,Bd6d5][%mdl 32]} 22. Kg1 (22. Bd4 $1 $16 {[%cal Rd4b6]} Na8 23. Bc3 Bxc3 24. Nxc3) 22... d5 $1 {[%cal Rd5e4]} 23. Qb2 {[%csl Ga1][%cal Rb2g7]} f6 24. Nf2 Bc5 25. cxd5 Nxd5 26. Bxd5 (26. Qc1 $11 Qe3 27. Bxd5+ cxd5 28. Qxe3 Bxe3 29. Bd4 Bxd4 30. Rxd4) 26... cxd5 $15 27. Qd2 Re8 28. Bd4 Bf8 29. Bc3 Bb7 30. Re1 Qc6 31. Rxe8 Qxe8 32. Bb4 Qc6 {White must now prevent ...d4!} 33. Bxf8 {Threatening Bb4.} Kxf8 (33... d4 {NOTEXT} 34. Kf1 Ba6+ 35. Kg1 Qb5 36. Qd3 Kxf8 37. Qxb5 Bxb5 38. Ne4 Ke7) 34. Qd4 Kf7 35. Kg2 Ba6 36. b4 Qb5 37. Qa7+ Bb7 38. Qd4 h5 39. Nd3 (39. Kf3 $1 $11 {was the only way to keep the balance.}) 39... Ba6 $1 $17 40. Nf2 Kg6 41. h3 Qf1+ 42. Kf3 Be2+ 43. Ke3 Bc4 {[%csl Gc4][%cal Rf1e2]} 44. Kf3 Be2+ 45. Ke3 Bc4 (45... Qe1 $17 46. Nd3 Qg1+ 47. Nf2 Qe1) 46. Qd1 $2 {[%mdl 8192]} (46. Kf3 $1 $11) 46... Qg2 $19 47. f5+ Kh6 ({Not} 47... Kxf5 48. Qxh5+ g5 49. Qh7+ Ke6 50. Qg8+ Ke7 51. Qg7+ Ke6 52. Qg8+ Ke7 53. Qg7+ Ke6 54. Qg8+ $11) 48. Qf3 Qg1 49. Qf4+ Kh7 50. Kf3 Qe1 {...Bf1 is the strong threat.} 51. Qe3 Qxb4 {And now ...Bb5 would win.} 52. Qe8 (52. g4 $142) 52... Qc3+ (52... Bb5 $142 53. Qxh5+ Kg8) 53. Kg2 Qe5 54. Qxh5+ Kg8 55. Qf3 Qe1 (55... d4 $1 $17 56. Qf4 Bd5+ 57. Kf1 Kf7) 56. Qf4 $1 $11 Qe7 (56... Bf1+ $15 57. Kh2 Qe5 58. Qxe5 fxe5) 57. g4 Qd8 58. Qd4 Qd6 59. Kf3 Bf1 60. Qe3 Kf8 61. Qe6 {[#]} (61. Qc1 $11 Bc4 62. Qc3) 61... Qxe6 $1 $17 62. fxe6 {[%mdl 4096] Endgame [#] KB-KN} Ke7 ({Black should try} 62... g5 $1 $17 63. Nd1 Bxh3) 63. Ke3 $2 {[%mdl 8192]} (63. h4 $15) 63... Kxe6 $2 (63... g5 64. Kd4 Kxe6) 64. Kd4 $2 (64. h4 Ke5 65. Nh1) 64... g5 $19 65. Nd1 Bxh3 $2 (65... Bg2 $19 {Strongly threatening ...Bf1.} 66. Nf2 Kd6) 66. Ne3 $11 {The position is equal.} Bxg4 67. Nxg4 {KN-K3P} f5 68. Ne3 f4 69. Nxd5 {KN-KPP} Kf5 70. Kd3 g4 {[%cal Bg5g4,Bg4g3][%mdl 32]} 71. Ke2 Ke4 72. Nxf4 Kxf4 73. Kf2 {[%cal Be2f2,Bf2g2,Bg2g1,Bg1f1][%mdl 32]} g3+ 74. Kg2 Kg4 75. Kg1 Kf3 {( -> ...g2)} 76. Kf1 {Precision: White = 54%, Black = 54%.} 1/2-1/2